Table Tennis (Record no. 11382)

MARC details
000 -LEADER
fixed length control field 00234nam a22000977a 4500
008 - FIXED-LENGTH DATA ELEMENTS--GENERAL INFORMATION
fixed length control field 190404b ||||| |||| 00| 0 eng d
020 ## - INTERNATIONAL STANDARD BOOK NUMBER
International Standard Book Number 9780713660050
100 ## - MAIN ENTRY--PERSONAL NAME
Personal name Steggall, Gordon
9 (RLIN) 7118
245 ## - TITLE STATEMENT
Title Table Tennis
260 ## - PUBLICATION, DISTRIBUTION, ETC. (IMPRINT)
Place of publication, distribution, etc. London
Name of publisher, distributor, etc. A&C
Holdings
Withdrawn status Lost status Source of classification or shelving scheme Damaged status Koha normalized classification for sorting Not for loan Home library Current library Shelving location Date acquired Total Checkouts Full call number Barcode Date last seen Price effective from Koha item type
    Dewey Decimal Classification   796_000000000000000_L1   Good Samaritan School Library Good Samaritan School Library Sports & Games 04/04/2019   796 L-1 STE15254 04/04/2019 04/04/2019 BOOK

Powered by Koha